[Event "Hessen-ch Seniors op 12th"]
[Site "Bad Sooden-Allendorf"]
[Date "2016.04.30"]
[Round "1"]
[White "Baum, Bernd"]
[Black "Schrickx, Frank"]
[Result "1-0"]
[WhiteElo "2242"]
[BlackElo "1903"]
[PlyCount "179"]
[EventDate "2016.04.30"]
[EventType "swiss"]
[EventRounds "9"]
[EventCountry "GER"]
[SourceTitle "EXT 2019"]
[Source "ChessBase"]
[SourceDate "2018.10.10"]
[SourceVersion "1"]
[SourceVersionDate "2018.10.10"]
[SourceQuality "1"]

1. c4 e5 2. g3 Nf6 3. Bg2 Nc6 4. Nc3 Bb4 5. Nd5 Nxd5 6. cxd5 Ne7 7. Nf3 Ng6 8. 0-0 0-0 9. Qb3 Bc5 10. d3 d6 11. Bd2 a5 12. Rac1 b6 13. e3 a4 14. Qc3 b5 15. d4 exd4 16. Nxd4 b4 17. Qc2 Qf6 18. Nc6 Ba6 19. Rfe1 Ne5 20. Nxe5 Qxe5 21. e4 Bb5 22. Bf4 Qh5 23. Be3 Bxe3 24. Rxe3 Ra7 25. Qd2 Rb8 26. Qxb4 Rab7 27. Qd4 f6 28. Rec3 Be8 29. R3c2 Rb4 30. Qd2 Kf8 31. h3 Qe5 32. f4 Qd4+ 33. Qxd4 Rxd4 34. Re1 Bg6 35. Ree2 Rdb4 36. Kf2 R8b7 37. Ke1 Rd4 38. Rcd2 Rdb4 39. Kd1 Be8 40. Kc1 Bb5 41. Re3 Bc4 42. Kb1 Ba6 43. e5 Rb8 44. exf6 gxf6 45. Bf3 Re8 46. Rxe8+ Kxe8 47. Kc1 Kd8 48. Bg4 h6 49. Be2 Bc8 50. Bf1 Bd7 51. Kc2 Re4 52. Kd1 Re3 53. Rd3 Re4 54. Bg2 Rb4 55. b3 axb3 56. axb3 Bf5 57. Re3 Rd4+ 58. Kc1 Bd7 59. Kc2 Bf5+ 60. Kc3 Rd1 61. g4 Bd7 62. Rd3 Rc1+ 63. Kd2 Rg1 64. Be4 Rf1 65. Rf3 Rg1 66. Ke3 Bb5 67. Kf2 Rd1 68. Re3 Rd2+ 69. Kg3 Rd4 70. h4 Rd1 71. g5 fxg5 72. fxg5 hxg5 73. hxg5 Rg1+ 74. Kh4 Be8 75. Rg3 Re1 76. Rg4 Re3 77. g6 Rxb3 78. g7 Bf7 79. g8Q+ Bxg8 80. Rxg8+ Ke7 81. Kg4 Kf6 82. Kf4 Rb2 83. Rg6+ Kf7 84. Rh6 Rf2+ 85. Ke3 Ra2 86. Rh7+ Kf6 87. Rxc7 Ra3+ 88. Kf4 Ra1 89. Rd7 Rf1+ 90. Bf3 1-0

[Event "Brasschaat op 15th"]
[Site "Brasschaat"]
[Date "2015.08.16"]
[Round "2"]
[White "Schrickx, Frank"]
[Black "Vande Velde, Erik"]
[Result "1/2-1/2"]
[WhiteElo "1835"]
[BlackElo "1993"]
[PlyCount "62"]
[EventDate "2015.08.15"]
[EventType "swiss"]
[EventRounds "9"]
[EventCountry "BEL"]
[SourceTitle "EXT 2016"]
[Source "ChessBase"]
[SourceDate "2015.10.08"]
[SourceVersion "1"]
[SourceVersionDate "2015.10.08"]
[SourceQuality "1"]

1. e4 c5 2. c3 d5 3. exd5 Qxd5 4. d4 Nc6 5. Be3 cxd4 6. cxd4 Nf6 7. Nc3 Qd8 8. Nf3 e6 9. Bc4 Be7 10. 0-0 0-0 11. a3 Nd5 12. Qe2 a6 13. Rac1 Bf6 14. Ne4 Be7 15. Ba2 Re8 16. Rfd1 Bf8 17. Nc5 Nce7 18. Nd3 b6 19. Bb1 Ng6 20. Nde5 Bb7 21. Nxg6 hxg6 22. Ne5 Qh4 23. Qf3 Qe7 24. Qh3 Qf6 25. Rd3 Nf4 26. Bxf4 Qxf4 27. Rdd1 Be4 28. Bxe4 Qxe4 29. Qf3 Qxf3 30. Nxf3 Rac8 31. Kf1 Bd6 1/2-1/2

[Event "Brasschaat op 15th"]
[Site "Brasschaat"]
[Date "2015.08.15"]
[Round "1"]
[White "De Keyser, Eric"]
[Black "Schrickx, Frank"]
[Result "0-1"]
[WhiteElo "1288"]
[BlackElo "1835"]
[PlyCount "36"]
[EventDate "2015.08.15"]
[EventType "swiss"]
[EventRounds "9"]
[EventCountry "BEL"]
[SourceTitle "EXT 2016"]
[Source "ChessBase"]
[SourceDate "2015.10.08"]
[SourceVersion "1"]
[SourceVersionDate "2015.10.08"]
[SourceQuality "1"]

1. d4 d5 2. c4 e6 3. Nc3 Nf6 4. Nf3 Nbd7 5. Bf4 c6 6. e3 Nh5 7. Bg3 Nxg3 8. hxg3 Bd6 9. Bd3 h6 10. Qc2 dxc4 11. Bxc4 Qe7 12. 0-0-0 Nb6 13. Ne4 Nxc4 14. Qxc4 Bc7 15. Rh4 Bd7 16. Rdh1 0-0-0 17. g4 Rhf8 18. Nc5 Be8 0-1

[Event "Hessen-ch Seniors op 11th"]
[Site "Bad Sooden-Allendorf"]
[Date "2015.05.13"]
[Round "5"]
[White "Haubt, Georg"]
[Black "Schrickx, Frank"]
[Result "1-0"]
[WhiteElo "2214"]
[BlackElo "1880"]
[PlyCount "43"]
[EventDate "2015.05.09"]
[EventType "swiss"]
[EventRounds "9"]
[EventCountry "GER"]
[SourceTitle "EXT 2018"]
[Source "ChessBase"]
[SourceDate "2017.10.13"]
[SourceVersion "1"]
[SourceVersionDate "2017.10.13"]
[SourceQuality "1"]

1. d4 d5 2. Bg5 h6 3. Bh4 Bf5 4. Nd2 g5 5. Bg3 Bg7 6. e3 e6 7. c4 c6 8. h4 Nd7 9. Ne2 Bd3 10. Qb3 Bxe2 11. Bxe2 Qb6 12. Qa3 c5 13. cxd5 exd5 14. 0-0 Ne7 15. Rac1 cxd4 16. e4 d3 17. Qxd3 d4 18. Nc4 Qb4 19. a3 Qa4 20. b3 Qa6 21. Nd6+ Kf8 22. Qf3 1-0

[Event "Hessen-ch Seniors op 11th"]
[Site "Bad Sooden-Allendorf"]
[Date "2015.05.09"]
[Round "1"]
[White "Schrickx, Frank"]
[Black "Fuchs, Manfred"]
[Result "1/2-1/2"]
[WhiteElo "1880"]
[BlackElo "1761"]
[PlyCount "44"]
[EventDate "2015.05.09"]
[EventType "swiss"]
[EventRounds "9"]
[EventCountry "GER"]
[SourceTitle "EXT 2018"]
[Source "ChessBase"]
[SourceDate "2017.10.13"]
[SourceVersion "1"]
[SourceVersionDate "2017.10.13"]
[SourceQuality "1"]

1. e4 e6 2. d4 d5 3. Nd2 c5 4. exd5 exd5 5. dxc5 Bxc5 6. Nb3 Be7 7. Be3 Be6 8. Nf3 Nf6 9. Bb5+ Nbd7 10. 0-0 0-0 11. c3 Rc8 12. Qe2 a6 13. Bxd7 Bxd7 14. Rfd1 Re8 15. h3 Bb5 16. Qd2 Bc6 17. Nbd4 Ne4 18. Qc2 Bf6 19. Nxc6 bxc6 20. Qa4 a5 21. Rac1 Nd6 22. Bd4 Nc4 1/2-1/2

[Event "EU-chT Seniors 15th"]
[Site "Dresden"]
[Date "2013.07.26"]
[Round "7"]
[White "Weller, Karl"]
[Black "Schrickx, Frank"]
[Result "1/2-1/2"]
[WhiteElo "1967"]
[BlackElo "1901"]
[PlyCount "125"]
[EventDate "2013.07.20"]
[EventType "team-swiss"]
[EventRounds "9"]
[EventCountry "GER"]
[SourceTitle "CBM 155 Extra"]
[Source "ChessBase"]
[SourceDate "2013.08.26"]
[SourceVersion "1"]
[SourceVersionDate "2013.08.26"]
[SourceQuality "1"]
[WhiteTeam "Rhein"]
[BlackTeam "Belgium II"]
[WhiteTeamCountry "GER"]
[BlackTeamCountry "BEL"]

1. c4 e5 2. Nc3 Nf6 3. Nf3 Nc6 4. d4 exd4 5. Nxd4 Bc5 6. Nb3 Bb4 7. Bd2 d6 8. a3 Bxc3 9. Bxc3 Bf5 10. f3 Qe7 11. Qd2 0-0-0 12. 0-0-0 h6 13. e4 Bg6 14. Be2 Rhg8 15. Rhe1 Nd7 16. g3 f6 17. Bf1 Bf7 18. Nd4 Nxd4 19. Bxd4 b6 20. Qc3 Kb8 21. b4 Rge8 22. Bh3 c5 23. Bf2 Ne5 24. Bf1 cxb4 25. Qxb4 Rc8 26. Qxd6+ Qxd6 27. Rxd6 Bxc4 28. Kb1 Nxf3 29. Re3 Bxf1 30. Rxf3 Bg2 31. Rf4 Bxe4+ 32. Kb2 Bh7 33. Rd2 Rcd8 34. Bd4 Kb7 35. Rff2 Bg6 36. Bc3 Bd3 37. Rf3 Bb5 38. Rff2 Rxd2+ 39. Rxd2 Re2 40. Rxe2 Bxe2 41. Bb4 g6 42. Kc3 Kc6 43. Kd4 Kd7 44. Ke3 Bf1 45. h4 h5 46. Kf4 Be2 47. Bc3 Ke6 48. Bd4 Bd1 49. Bc3 Ba4 50. Bb2 Bc2 51. Bc3 Kd5 52. Bxf6 Kc4 53. Ke3 Kb3 54. Kd2 Bf5 55. Be7 a5 56. Bd8 b5 57. Bxa5 Kxa3 58. Kc3 Ka2 59. Bb4 Kb1 60. Bd6 Kc1 61. Kb4 Bd7 62. Bf4+ Kc2 63. Bd6 1/2-1/2

[Event "EU-chT Seniors"]
[Site "Rogaska Slatina"]
[Date "2012.03.29"]
[Round "3.7"]
[White "Harestad, Thor Geir"]
[Black "Schrickx, Frank"]
[Result "1/2-1/2"]
[WhiteElo "2175"]
[BlackElo "1874"]
[PlyCount "168"]
[EventDate "2012.03.27"]
[EventType "team-swiss"]
[EventRounds "9"]
[EventCountry "SLO"]
[SourceTitle "CBM 147 Extra"]
[Source "ChessBase"]
[SourceDate "2012.04.24"]
[SourceVersion "1"]
[SourceVersionDate "2012.04.24"]
[SourceQuality "1"]
[WhiteTeam "Norway (Seniors)"]
[BlackTeam "Belgium (Seniors)"]
[WhiteTeamCountry "NOR"]
[BlackTeamCountry "BEL"]

1. c4 e5 2. g3 Nf6 3. Bg2 Nc6 4. Nc3 Bb4 5. Nd5 Be7 6. b3 a5 7. Bb2 0-0 8. Nh3 d6 9. 0-0 Nxd5 10. cxd5 Nb4 11. d4 Nxd5 12. dxe5 dxe5 13. Bxe5 Bxh3 14. Bxh3 Bf6 15. Bxf6 Nxf6 16. Qc2 c6 17. Rad1 Qb6 18. e4 Rad8 19. e5 Nd5 20. e6 fxe6 21. Bxe6+ Kh8 22. Qc4 Nf6 23. Rxd8 Rxd8 24. Qf4 Qd4 25. Qc7 Re8 26. Bf5 Qc5 27. Bb1 b6 28. Qf4 Rf8 29. h3 Nh5 30. Qe4 g6 31. Kg2 Nf6 32. Qe2 Qd5+ 33. Kh2 Re8 34. Qb2 Qe5 35. Qd2 Qe2 36. Rd1 Qxd2 37. Rxd2 Nd5 38. Bd3 Nb4 39. Be2 Kg7 40. Bf3 b5 41. a3 Nd5 42. Bxd5 cxd5 43. Rxd5 Re2 44. Kg2 Ra2 45. Rxb5 Rxa3 46. h4 h5 47. Rb6 a4 48. bxa4 Rxa4 49. Rb3 Kf6 50. f3 Ra2+ 51. Kh3 Rf2 52. g4 hxg4+ 53. fxg4 Rf4 54. Rb6+ Kg7 55. Rb7+ Kg8 56. Kg3 Ra4 57. Rd7 Rb4 58. Kf3 Kf8 59. Rc7 Kg8 60. Re7 Kf8 61. Re4 Rb7 62. Kf4 Kg7 63. Rc4 Rf7+ 64. Ke5 Ra7 65. Rd4 Rf7 66. g5 Rf5+ 67. Ke6 Rf1 68. Rd7+ Kg8 69. Ke5 Rf5+ 70. Ke4 Rf1 71. Rd3 Rh1 72. Ke5 Rxh4 73. Kf6 Rf4+ 74. Kxg6 Rf8 75. Rd6 Ra8 76. Kh6 Rb8 77. Rd7 Ra8 78. g6 Rb8 79. Rd6 Ra8 80. g7 Rb8 81. Rf6 Ra8 82. Kg6 Rb8 83. Kg5 Rb5+ 84. Kh6 Rb8 1/2-1/2